|
|
|
|
| LEADER |
00000cam a22000004a 4500 |
| 001 |
musev2_4874 |
| 003 |
MdBmJHUP |
| 005 |
20230905040604.0 |
| 006 |
m o d |
| 007 |
cr||||||||nn|n |
| 008 |
040113s2005 nyu o 00 0 eng d |
| 010 |
|
|
|z 2004041678
|
| 020 |
|
|
|a 9780791484104
|
| 020 |
|
|
|z 9780791462911
|
| 020 |
|
|
|z 0791462919
|
| 035 |
|
|
|a (OCoLC)62864365
|
| 040 |
|
|
|a MdBmJHUP
|c MdBmJHUP
|
| 050 |
0 |
4 |
|a HQ1190
|b .R53 2005
|
| 082 |
0 |
|
|a 305.42
|2 22
|
| 100 |
1 |
|
|a Rhodes, Jacqueline,
|d 1965-
|
| 245 |
1 |
0 |
|a Radical Feminism, Writing, and Critical Agency :
|b From Manifesto to Modem /
|c Jacqueline Rhodes.
|
| 264 |
|
1 |
|a Albany :
|b State University of New York Press,
|c 2005.
|
| 264 |
|
3 |
|a Baltimore, Md. :
|b Project MUSE,
|c 2012
|
| 264 |
|
4 |
|c ©2005.
|
| 300 |
|
|
|a 1 online resource (140 pages).
|
| 336 |
|
|
|a text
|b txt
|2 rdacontent
|
| 337 |
|
|
|a computer
|b c
|2 rdamedia
|
| 338 |
|
|
|a online resource
|b cr
|2 rdacarrier
|
| 504 |
|
|
|a Includes bibliographical references (p. 115-125) and index.
|
| 588 |
|
|
|a Description based on print version record.
|
| 650 |
|
0 |
|a Radicalism.
|
| 650 |
|
0 |
|a Feminism.
|
| 650 |
|
0 |
|a Feminist theory.
|
| 655 |
|
7 |
|a Electronic books.
|2 local
|
| 710 |
2 |
|
|a Project Muse.
|e distributor
|
| 830 |
|
0 |
|a Book collections on Project MUSE.
|
| 856 |
4 |
0 |
|z Texto completo
|u https://projectmuse.uam.elogim.com/book/4874/
|
| 945 |
|
|
|a Project MUSE - Custom Collection
|
| 945 |
|
|
|a Project MUSE - Archive Complete Foundation
|
| 945 |
|
|
|a Project MUSE - Archive Global Cultural Studies Foundation
|